000 00329 a2200169 4500
001 172196
020 _a
040 _cMagnum
100 _aJose, Elias
240 1 0 _aSó um cara viu
_lpor
245 1 0 _aSó um cara viu
300 _a11
362 0 _a1991
440 1 _a
697 _aLITERATURA INFANTIL
942 _cBK
999 _c172196
_d172196